00643 a2200169 4500003000500000005001700005040000900022082001000031100002800041245011100069260004100180300001600221505018000237538003100417650001400448651001100462Nust20170207153552.0 cNust a005.8 aAman, Waqas (MSIS-7) aSecurity Key establishment & mutual authentication in wireless private area networks-skemacWaqas Aman  bMCS (NUST)cJanuary,2011aRawalpindi aix, 49, p.; aIntroduction (page-1) Literature review (page-4) Skema architecture (page-22) Skema implementation (page-29) Evaluation of skema (page-36) Conclusion and future work (page-44) a Almirah No.70 Shelf No.4 aPG Thesis aMSIS-7